[Event "XXXI Campeonato Regional Absoluto Individual"]
[Site "Museo del Vino - Jumilla 2016"]
[Date "2016.05.07"]
[Round "5.19"]
[White "María Pilar López García"]
[Black "Javier Valera Aznar"]
[WhiteElo "1605"]
[BlackElo "1417"]
[Result "1-0"]

1. e4 e6 2. d4 d5 3. Nd2 c5 4. c3 Nc6 5. Ngf3 cxd4 6. Nxd4 Nxd4 7. cxd4 Qb6 8. exd5 Qxd4 9. Bb5+ Bd7 
10. Bxd7+ Kxd7 11. dxe6+ fxe6 12. O-O Nf6 13. Nf3 Qxd1 14. Rxd1+ Nd5 15. Ne5+ Kc7 16. Nf7 Rg8 17. Ng5 Re8 
18. Nxh7 Bd6 19. Ng5 Rh8 20. g3 Nf6 21. Nf7 Ng4 22. Nxh8 Rxh8 23. h4 Bc5 24. Kg2 Nxf2 25. Re1 Kd7 
26. Be3 Bxe3 27. Rxe3 Rf8 28. Rf1 Ng4 29. Rd3+ 1-0

[Event "XXXI Campeonato Regional Absoluto Individual"]
[Site "Museo del Vino - Jumilla 2016"]
[Date "2016.05.07"]
[Round "5.21"]
[White "Ernesto Jesús Rico Guardiola"]
[Black "Antonio Campos Rodríguez"]
[WhiteElo "1633"]
[BlackElo "1716"]
[Result "1-0"]

1. d4 d5 2. g3 Nf6 3. Bg2 e6 4. Nf3 Be7 5. O-O b6 6. c4 Bb7 7. b3 O-O 8. Bb2 c5 9. Nbd2 Nbd7 10. Rc1 Rc8 
11. Ne5 cxd4 12. Bxd4 Nxe5 13. Bxe5 Nd7 14. Bb2 Bf6 15. Bxf6 Nxf6 16. a3 Qe7 17. b4 dxc4 18. Nxc4 Rfd8 
19. Qb3 Bxg2 20. Kxg2 Ne4 21. f3 Nd2 22. Nxd2 Rxc1 23. Rxc1 Rxd2 24. Rc8+ 1-0

[Event "XXXI Campeonato Regional Absoluto Individual"]
[Site "Museo del Vino - Jumilla 2016"]
[Date "2016.05.07"]
[Round "5.22"]
[White "Francisco Javier Tomás Alonso"]
[Black "Antonio Ruiz Sánchez"]
[WhiteElo "1422"]
[BlackElo "1552"]
[Result "1-0"]

1. d4 Nf6 2. Nf3 e6 3. Bf4 d5 4. e3 c5 5. c3 Nbd7 6. Bd3 Be7 7. Nbd2 Nh5 8. Bg3 c4 9. Bc2 Nxg3 10. hxg3 h6 
11. Ne5 O-O 12. Qe2 Qc7 13. f4 b5 14. g4 Nxe5 15. dxe5 f6 16. exf6 Bxf6 17. g5 Bxg5 18. fxg5 Qg3+ 19. Kd1 Qxg5 
20. Nf3 Qg3 21. Kd2 Bb7 22. Rh3 Qd6 23. g4 Rae8 24. g5 d4 25. cxd4 Bxf3 26. Rxf3 Rxf3 27. Qxf3 Qh2+ 28. Qe2 1-0

[Event "XXXI Campeonato Regional Absoluto Individual"]
[Site "Museo del Vino - Jumilla 2016"]
[Date "2016.05.07"]
[Round "5.23"]
[White "Fidel Torres Gómez"]
[Black "José Gil Villascusa"]
[WhiteElo "1268"]
[BlackElo "1423"]
[Result "1-0"]

1. e4 c5 2. c3 d6 3. d4 cxd4 4. cxd4 a6 5. Nf3 Nd7 6. Nc3 b5 7. a3 Bb7 8. d5 Ngf6 9. Bd3 e5 10. dxe6 fxe6 
11. O-O Be7 12. Ng5 Nc5 13. Bc2 h6 14. Nf3 Nfxe4 15. Nxe4 Nxe4 16. Nd4 Qd7 17. Qg4 Nf6 18. Qxe6 Qxe6 
19. Nxe6 Bd5 20. Nc7+ Kd7 21. Nxa8 Rxa8 22. b4 Bc4 23. Re1 a5 24. Bb2 a4 25. Be4 Nxe4 26. Rxe4 d5 27. Rg4 Bf6 
28. Bxf6 gxf6 29. Rg6 Ke6 30. Rxh6 d4 31. Re1+ Kf7 32. Rd1 d3 33. Rd2 Re8 34. f3 Re1+ 35. Kf2 Ra1 36. Ke3 Re1+ 
37. Kf2 Ra1 38. Rh4 Rxa3 39. Rd4 Rb3 40. h4 a3 41. Ke3 Rb2 42. Rd7+ Kg6 43. Ra7 Rxd2 44. Kxd2 a2 45. g4 Kh6 
46. f4 Kg6 47. h5+ Kh6 48. f5 Kg5 49. Ra3 Kxg4 50. h6 Bg8 51. Kxd3 Kxf5 52. h7 Bxh7 53. Rxa2 Kf4+ 54. Kd4 Bg8 
55. Rf2+ Kg5 56. Rg2+ 1-0

[Event "XXXI Campeonato Regional Absoluto Individual"]
[Site "Museo del Vino - Jumilla 2016"]
[Date "2016.05.07"]
[Round "5.24"]
[White "Roberto Patricio López Arróniz"]
[Black "Javier Valera Aznar"]
[WhiteElo "1422"]
[BlackElo "1190"]
[Result "1/2-1/2"]

1. d4 e6 2. Nf3 d5 3. Bf4 c5 4. e3 Qb6 5. Qc1 Nc6 6. c3 Bd7 7. Bd3 Nf6 8. h3 Rc8 9. O-O cxd4 10. exd4 Nb4 11. Be2 Ba4 
12. b3 Bd7 13. Qb2 Nc6 14. Nbd2 Be7 15. Ne5 Nxe5 16. dxe5 Ne4 17. Nxe4 dxe4 18. c4 O-O 19. Rad1 Bc6 20. Be3 Bc5 
21. Bxc5 Qxc5 22. b4 Qe7 23. b5 Be8 24. Rd4 f5 25. exf6 Qxf6 26. Qd2 Bg6 27. Qe3 Rcd8 28. Rfd1 b6 29. Rxd8 Rxd8 
30. Rxd8+ Qxd8 31. a4 Qd6 32. Qc3 Qc7 33. Qd4 Qf4 34. Qd8+ Qf8 35. Qxf8+ Kxf8 36. Kf1 Ke7 37. Ke1 Kd6 38. Kd2 Kc5 
39. Kc3 h6 40. Bg4 Bf5 41. Be2 g5 42. g4 Bg6 43. Bd1 Kd6 44. Bc2 Ke5 45. f3 Kf4 46. fxe4 Bxe4 47. Bxe4 Kxe4 
48. c5 bxc5 49. Kc4 e5 50. Kxc5 Kf3 51. a5 e4 52. b6 axb6+ 53. axb6 e3 54. b7 e2 55. b8=Q e1=Q 56. Qf8+ Kg2 
57. Qxh6 Qe3+ 58. Kd5 Qxh3 59. Qxg5 Kg3 1/2-1/2

[Event "XXXI Campeonato Regional Absoluto Individual"]
[Site "Museo del Vino - Jumilla 2016"]
[Date "2016.05.07"]
[Round "5.25"]
[White "José Miguel Abad González"]
[Black "Ana Isabel Duran Cerezo"]
[WhiteElo "1848"]
[BlackElo "1258"]
[Result "1-0"]

1. c4 e5 2. Nc3 Nf6 3. g3 c6 4. Bg2 d5 5. cxd5 Nxd5 6. Nf3 Bd6 7. O-O Be6 8. Ne4 Bc7 9. Nc5 Bf5 10. e4 Bxe4 
11. Nxe4 O-O 12. d4 f5 13. Nc5 Qd6 14. Nxe5 b6 15. Ncd3 Na6 16. Qb3 Qe6 17. Nxc6 Qd6 18. Qxd5+ Kh8 19. Qc4 Nb8 
20. Nce5 b5 21. Nf7+ Rxf7 22. Qxf7 Nd7 23. Bxa8 h6 24. Ne5 Nf8 25. Bd5 1-0

[Event "XXXI Campeonato Regional Absoluto Individual"]
[Site "Museo del Vino - Jumilla 2016"]
[Date "2016-05-14"]
[Round "6.1"]
[White "Emilio Sánchez Jerez"]
[Black "Leopoldo González Brusi"]
[WhiteElo "2272"]
[BlackElo "1923"]
[WhiteTitle "FM"]
[BlackTitle "AGM"]
[Result "1-0"]

1. e4 c5 2. Nf3 e6 3. g3 a6 4. Bg2 b5 5. d4 cxd4 6. Nxd4 Bb7 7. O-O Nf6 8. Re1 Qc7 9. Bg5 Be7 
10. a4 b4 11. c3 Nc6 12. e5 Nd5 13. Bxe7 Ncxe7 14. Qb3 bxc3 15. Nxc3 Rb8 16. Rac1 Qd8 
17. Ne4 O-O 18. Qa3 Nc6 19. Nxc6 Bxc6 20. Nd6 f6 21. Nc4 Rb4 22. a5 Qb8 23. Nb6 Rxb6 
24. axb6 Qxb6 25. Bxd5 Bxd5 26. exf6 Rxf6 27. Rc8+ Kf7 28. Rf8+ Kg6 29. Qd3+ Kh6 
30. Rxf6+ gxf6 31. Qe3+ Qxe3 32. Rxe3 Kg5 33. f4+ Kg4 34. b4 h5 35. Rc3 Bc6 36. Kf2 Kh3 
37. f5 e5 38. Ra3 Bb5 39. Rc3 Kg4 40. Rc8 Kxf5 41. Rh8 Kg6 42. Re8 Kf7 43. Rh8 d5 44. Rxh5 d4 
45. Rh4 1-0

[Event "XXXI Campeonato Regional Absoluto Individual"]
[Site "Museo del Vino - Jumilla 2016"]
[Date "2016-05-14"]
[Round "6.2"]
[White "Alejandro Castellanos Gómez"]
[Black "Luis Férnandez Álvarez"]
[WhiteElo "2137"]
[BlackElo "2085"]
[Result "0-1"]

1. d4 Nf6 2. Nf3 g6 3. Bf4 d6 4. Nc3 Bg7 5. Qd2 c6 6. e4 O-O 7. Be2 b5 8. a3 Bb7 9. Rd1 a6 10. O-O Qb6 
11. e5 dxe5 12. dxe5 Nd5 13. Bg5 Qc7 14. Nxd5 cxd5 15. Bh6 Nd7 16. Bxg7 Kxg7 17. e6 fxe6 18. Ng5 Rf6 
19. Bg4 Qb6 20. Qc3 Rc8 21. Qb4 Re8 22. Rde1 Nf8 23. Qc3 Kg8 24. Qh3 Bc8 25. Qh6 Qd4 26. Qh3 Qxb2 
27. Re2 Qd4 28. Rfe1 h5 29. Bxh5 gxh5 30. Qxh5 Rg6 31. Re3 Qf6 32. h4 Qh8 33. Qg4 e5 34. Qf3 Rxg5 
35. hxg5 e4 36. Qf4 e5 37. Qg3 Ng6 38. Rc3 Bf5 39. Rc6 Rf8 40. Qb3 Ne7 41. Rxa6 Qh4 42. Re3 Bc8 
43. Rf6 Rxf6 44. gxf6 Qxf6 45. Rg3+ Kf7 46. Qxb5 Be6 47. a4 Qf4 48. Qb2 Nf5 49. Qb7+ Kf6 50. Rh3 Qc1+ 
51. Kh2 Qf4+ 52. Kg1 Nd4 53. Rh7 Qc1+ 54. Kh2 Qf4+ 55. Kg1 Ne2+ 56. Kf1 Ng3+ 57. Kg1 Qc1+ 58. Kh2 Nf1+ 
59. Kg1 Ne3+ 60. Kh2 Ng4+ 61. Kh3 Nxf2+ 62. Kh2 Ng4+ 63. Kh3 Qh1+ 64. Kg3 Qe1+ 65. Kh3 Qe3+ 66. g3 Nf2+ 
67. Kh2 Ng4+ 68. Kh3 Nh6+ 69. Kh2 Qf2+ 70. Kh1 Qf1+ 71. Kh2 Ng4# 0-1

[Event "XXXI Campeonato Regional Absoluto Individual"]
[Site "Museo del Vino - Jumilla 2016"]
[Date "2016-05-14"]
[Round "6.3"]
[White "Daniel Alarcón Olmos"]
[Black "Juan Sergio Pérez Hernández"]
[WhiteElo "2049"]
[BlackElo "1838"]
[Result "1-0"]

1. Nf3 d5 2. d4 Nf6 3. b3 e6 4. e3 Be7 5. Bd3 O-O 6. O-O b6 7. Qe2 Bb7 8. Bb2 Nbd7 9. Ne5 c5 
10. f4 Ne4 11. Rf3 f5 12. Rh3 Ndf6 13. Nd2 Rc8 14. Kh1 cxd4 15. Bxd4 Bb4 16. Ndf3 Bc3 17. Rg1 Ng4 
18. Bxe4 dxe4 19. Ng5 Nxe5 20. Rxh7 g6 21. Bxc3 Rxc3 22. Qe1 Rc7 23. Qh4 Nf7 24. Rg7+ Kxg7 25. Nxe6+ Kg8 
26. Nxd8 Rxd8 27. c4 Kg7 28. Qf2 Rd3 29. h3 Rcd7 30. Qb2+ Kh7 31. Qc1 Rd2 32. g4 Re2 33. Rg2 Rxg2 
34. Kxg2 Nh6 35. g5 Ng8 36. h4 Kg7 37. Kf2 Kf7 38. Ke2 Ke6 39. Qc3 Kf7 40. Qe5 Re7 41. Qb5 Bc8 
42. Qb4 Be6 43. Qc3 Kf8 44. a4 Rc7 45. Qe5 Re7 46. Qa1 Rb7 47. Qa3+ Kf7 48. Qb2 Kf8 49. Qc3 Rc7 
50. a5 bxa5 51. Qxa5 Rb7 52. Qc5+ Kf7 53. b4 Ne7 54. Qd4 Ke8 55. Qc3 Rc7 56. c5 Nd5 57. Qh8+ Kd7 
58. Qg7+ Kc6 59. Qxg6 Re7 60. h5 Kb5 61. h6 Nc3+ 62. Kf2 Bf7 63. Qf6 Nd1+ 64. Ke1 Rd7 65. c6 1-0

[Event "XXXI Campeonato Regional Absoluto Individual"]
[Site "Museo del Vino - Jumilla 2016"]
[Date "2016-05-14"]
[Round "6.4"]
[White "Daniel Navarro Martínez"]
[Black "Ángel Murcia Paredes"]
[WhiteElo "1932"]
[BlackElo "2128"]
[BlackTitle "CM"]
[Result "1/2-1/2"]

1. e4 e5 2. Nf3 Nc6 3. Bb5 a6 4. Ba4 Nf6 5. Qe2 b5 6. Bb3 Be7 7. c3 O-O 8. O-O d5 9. exd5 Nxd5 10. Nxe5 Nxe5 
11. Qxe5 Bb7 12. d4 Bd6 13. Qg5 Qd7 14. Bxd5 Bxd5 15. Bf4 Qc6 16. Bxd6 cxd6 17. Re1 Rae8 18. Nd2 h6 19. Qg3 f5 
20. f3 f4 21. Qf2 Rxe1+ 22. Qxe1 Re8 23. Qf2 Re3 24. Re1 Rxe1+ 25. Qxe1 Bxa2 26. b3 Qxc3 27. Qe8+ Kh7 
28. Qe4+ 1/2-1/2

[Event "XXXI Campeonato Regional Absoluto Individual"]
[Site "Museo del Vino - Jumilla 2016"]
[Date "2016-05-14"]
[Round "6.5"]
[White "Luis Gómez Palazón"]
[Black "José Ruiz García"]
[WhiteElo "2052"]
[BlackElo "1836"]
[Result "1-0"]

1. e4 c6 2. d4 d5 3. exd5 cxd5 4. Bd3 Nf6 5. h3 Nc6 6. c3 Qc7 7. Nf3 e6 8. O-O h6 9. Re1 Bd6 10. b4 O-O 
11. Qe2 a5 12. b5 Ne7 13. a4 b6 14. Ra2 Bb7 15. Rc2 Rac8 16. Nbd2 Nh5 17. Nf1 Nf4 18. Bxf4 Bxf4 19. g3 Bd6 
20. Ne3 Qd7 21. Ng4 Rc7 22. Nge5 Bxe5 23. Nxe5 Qd6 24. Qh5 Qa3 25. Re3 Nf5 26. Rf3 Rxc3 27. Rxc3 Qxc3 
28. Rxf5 g6 29. Rxf7 1-0

[Event "XXXI Campeonato Regional Absoluto Individual"]
[Site "Museo del Vino - Jumilla 2016"]
[Date "2016-05-14"]
[Round "6.7"]
[White "José Joaquín Sánchez Fernández"]
[Black "Felix Sabater Sánchez"]
[WhiteElo "1939"]
[BlackElo "1988"]
[Result "1-0"]

1. e4 c5 2. Nf3 e6 3. d4 cxd4 4. Nxd4 a6 5. g3 Nf6 6. Bg2 Qc7 7. O-O Be7 8. Nc3 Nc6 9. Re1 Nxd4 10. Qxd4 Bc5 
11. Qd3 Ng4 12. Re2 Ne5 13. Qd2 O-O 14. a3 b5 15. Qf4 Bb7 16. Be3 f5 17. Bxc5 Qxc5 18. exf5 Rxf5 19. Rxe5 Rxe5 
20. Bxb7 Rf8 21. Qd2 Ref5 22. Rf1 Qa7 23. Bg2 d5 24. Qe2 Qb6 25. Nd1 Qc6 26. c3 Qc5 27. Qxe6+ Kh8 28. Ne3 R8f6 
29. Qxf5 Rxf5 30. Nxf5 g6 31. Nd4 a5 32. Re1 Qc4 33. Bf1 Qa2 34. Re2 b4 35. cxb4 axb4 36. axb4 Qa4 37. Nc2 Qb3 
38. b5 Qxb5 39. Ne1 Kg8 40. Nd3 Qb6 41. h4 Qd4 42. Nf4 Qd1 43. Re7 Qb3 44. Bg2 Qxb2 45. Bxd5+ Kf8 
46. Rxh7 Qf6 1-0

[Event "XXXI Campeonato Regional Absoluto Individual"]
[Site "Museo del Vino - Jumilla 2016"]
[Date "2016-05-14"]
[Round "6.9"]
[White "Felipe Alcaraz Martínez"]
[Black "Jose Carlos Martínez Bastida"]
[WhiteElo "1887"]
[BlackElo "1650"]
[Result "1-0"]

1. e4 a6 2. f4 b5 3. d4 Bb7 4. Bd3 e6 5. Nf3 c5 6. c3 Qb6 7. Qe2 Nf6 8. O-O Nc6 9. Be3 cxd4 10. Nxd4 Bc5 
11. Nc2 Bxe3+ 12. Qxe3 Qxe3+ 13. Nxe3 Ne7 14. Nd2 d5 15. e5 Nd7 16. Nb3 Nc6 17. a4 b4 18. c4 d4 19. Nc2 g5 
20. Ncxd4 Nxd4 21. Nxd4 gxf4 22. Rae1 Rg8 23. Be4 Bxe4 24. Rxe4 Rg4 25. Nc6 Rc8 26. Nxb4 Nxe5 27. Nxa6 Rxc4 
28. Rxc4 Nxc4 29. b4 Ne3 30. Rf2 Kd8 31. a5 Kc8 32. Rxf4 Rxg2+ 33. Kh1 Rd2 34. Kg1 Rg2+ 35. Kh1 Rc2 
36. h3 Nf5 37. Nc5 Kb8 38. Rg4 Ka7 39. Rg8 Rc4 40. Rf8 Nd6 41. Rd8 Nb5 42. Rd7+ Ka8 43. Nd3 Rd4 44. Rxd4 Nxd4 
45. Kg2 Ka7 46. Kf2 Nc6 47. Ke3 Ka6 48. Kf4 h6 49. Ne5 1-0

[Event "XXXI Campeonato Regional Absoluto Individual"]
[Site "Museo del Vino - Jumilla 2016"]
[Date "2016-05-14"]
[Round "6.10"]
[White "Asensio Sabater Sánchez"]
[Black "José Antonio Caballero Frutos"]
[WhiteElo "2050"]
[BlackElo "1639"]
[Result "1-0"]

1. d4 d5 2. Bg5 h6 3. Bh4 c5 4. dxc5 Qa5+ 5. Nc3 e6 6. e4 dxe4 7. b4 Qc7 8. Nxe4 Bd7 9. Nf3 Nc6 10. Bg3 Qd8 
11. c3 Nf6 12. Nd6+ Bxd6 13. Bxd6 Ne4 14. Rc1 Qf6 15. b5 Ne7 16. Be5 Qg6 17. Bd4 Nf6 18. Bd3 Qh5 19. O-O Rd8 
20. Re1 O-O 21. Re5 Nf5 22. h3 Nd5 23. Bxf5 1-0

[Event "XXXI Campeonato Regional Absoluto Individual"]
[Site "Museo del Vino - Jumilla 2016"]
[Date "2016-05-14"]
[Round "6.11"]
[White "Pablo Jiménez Ruiz"]
[Black "Pablo Gil Manzano"]
[WhiteElo "1551"]
[BlackElo "1685"]
[Result "1-0"]

1. d4 Nf6 2. Nc3 d5 3. Bf4 c6 4. e3 Bf5 5. Nf3 e6 6. Ne5 Qb6 7. Na4 Qa5+ 8. c3 Nbd7 9. a3 Nxe5 10. Bxe5 Nd7 
11. b4 Qd8 12. Bg3 b5 13. Nc5 Nxc5 14. bxc5 Be7 15. a4 Qa5 16. Qb3 O-O 17. Be2 f6 18. O-O bxa4 19. Rxa4 Qd8 
20. Rfa1 e5 21. Qa3 Qb8 22. Rxa7 Rxa7 23. Qxa7 Qb2 24. Bf1 Qxc3 25. Ra6 Qc1 26. h3 Re8 27. dxe5 Bxc5 28. Ra1 Qc3 
29. Qa6 Rc8 30. exf6 Qxf6 31. Rc1 Be7 32. Bd3 Bd7 33. Qb7 Rd8 34. Bc7 Rf8 35. f4 Bd6 36. Bxd6 Qxd6 37. Rb1 Rc8 
38. Ba6 Qc7 39. e4 Qxb7 40. Bxb7 Rc7 41. exd5 cxd5 42. Bxd5+ Kf8 43. Rb7 Rxb7 44. Bxb7 h6 45. h4 Ke7 46. Kf2 Kf6 
47. Kf3 Ba4 48. g4 Bd1+ 49. Kg3 Bc2 50. g5+ hxg5 51. hxg5+ Kf5 52. Bc8+ Kg6 53. Bd7 Bd3 54. Kf3 Bc2 55. Ke3 Bb1 
56. Kd4 Bc2 57. Ke5 Bb1 58. Be8+ Kh7 59. f5 Kg8 60. f6 gxf6+ 61. Kxf6 Bd3 62. Bg6 Bc4 63. Bf5 Kf8 64. g6 Bb3 
65. g7+ Kg8 66. Kg6 Bc4 67. Kh6 Kf7 68. Kh7 Kf6 69. Bc2 Bd5 70. Kh8 Bc4 71. Bh7 Bd5 72. Bg8 Be4 73. Bb3 Bg6 
74. g8=Q Kg5 1-0

[Event "XXXI Campeonato Regional Absoluto Individual"]
[Site "Museo del Vino - Jumilla 2016"]
[Date "2016-05-14"]
[Round "6.12"]
[White "Jose Antonio Carillo Conesa"]
[Black "Joaquín Maciá Senent"]
[WhiteElo "1673"]
[BlackElo "1407"]
[Result "1-0"]

1. c4 f5 2. g3 Nf6 3. Bg2 d5 4. cxd5 Nxd5 5. Nc3 Nxc3 6. bxc3 e6 7. Nf3 Be7 8. O-O O-O 9. Qb3 Kh8 10. Ne5 c6 
11. d4 Qe8 12. h4 Bf6 13. Ba3 Rg8 14. Bd6 Nd7 15. Nxc6 bxc6 16. Bxc6 Ba6 17. Bxa8 Qxa8 18. Qxe6 Nb6 
19. Rfe1 Bc8 20. Qb3 h6 21. Qf7 Bb7 22. f3 Bd5 23. Qg6 Qc8 24. e4 fxe4 25. fxe4 Be6 26. d5 Bd7 
27. Rac1 Nc4 28. Bf4 Be8 29. Qf5 Bd7 30. Qh5 Bg4 31. Qf7 Qc5+ 32. Kg2 Ne5 33. Bxe5 Bxe5 34. Qf2 Bh3+ 
35. Kg1 Qd6 36. Re3 Rf8 37. Rf3 Rxf3 38. Qxf3 Bxg3 39. c4 Qc5+ 40. Kh1 Qd6 41. Rc3 Bxh4 42. Qxh3 Bf6 
43. Rc2 Qb4 44. Qe3 Bg5 45. Qc3 Qb1+ 46. Kg2 Qd1 47. Rf2 Qg4+ 48. Kf1 Qd1+ 49. Qe1 Qd3+ 50. Qe2 Qh3+ 
51. Rg2 Qh1+ 52. Kf2 Bh4+ 53. Ke3 Qc1+ 54. Kd4 Bf6+ 55. e5 Qa1+ 56. Kc5 Bxe5 57. Qe3 Qb1 58. Qb3 Qe4 
59. Rd2 Bc7 60. Qd3 Bb6+ 61. Kb4 Qe8 62. d6 a5+ 63. Kb3 Bc5 64. d7 Qb8+ 65. Kc2 Qd8 66. Re2 Be7 1-0

[Event "XXXI Campeonato Regional Absoluto Individual"]
[Site "Museo del Vino - Jumilla 2016"]
[Date "2016-05-14"]
[Round "6.13"]
[White "Francisco Javier Baños Cumbrera"]
[Black "Jaime Espadiña Solano"]
[WhiteElo "1531"]
[BlackElo "1736"]
[Result "0-1"]

1. d4 Nf6 2. c4 g6 3. Nc3 Bg7 4. e4 d6 5. Be2 O-O 6. Bg5 c6 7. Qd2 a5 8. b3 Re8 9. Nf3 Qc7 10. O-O Nbd7 11. Bh6 Bh8 
12. Nh4 Nf8 13. h3 Ne6 14. Rac1 Nd7 15. Be3 c5 16. d5 Nd4 17. Bxd4 cxd4 18. Nb5 Qd8 19. Nf3 Nc5 20. Bd3 e5 
21. dxe6 Rxe6 22. Nfxd4 Re8 23. Rfe1 Qb6 24. Bc2 Bd7 25. Rcd1 Be5 26. f4 Bf6 27. Kh2 Bh4 28. g3 Be7 
29. Nc3 Qd8 30. Nd5 Bf8 31. e5 dxe5 32. fxe5 Bg7 33. Nf3 Ra6 34. g4 Rae6 35. Qf2 h6 36. Qg3 Qb8 
37. Nf6+ Bxf6 38. exf6 Re2+ 39. Rxe2 Rxe2+ 0-1

[Event "XXXI Campeonato Regional Absoluto Individual"]
[Site "Museo del Vino - Jumilla 2016"]
[Date "2016-05-14"]
[Round "6.14"]
[White "Juan Antonio Martínez Martínez"]
[Black "Francisco Javier Tomás Alonso"]
[WhiteElo "1680"]
[BlackElo "1422"]
[Result "1-0"]

1. d4 d5 2. Bg5 Nf6 3. Bxf6 exf6 4. e3 Bd6 5. c4 c6 6. cxd5 cxd5 7. Nc3 Bc7 8. g3 Nc6 9. Bg2 Be6 10. Nge2 O-O 
11. O-O a6 12. Rc1 Rc8 13. Na4 Ne7 14. Nc5 Rb8 15. Qb3 Bd6 16. Nd3 Bd7 17. Nc3 Bc6 18. Nxd5 Nxd5 19. Bxd5 Be7 
20. Bxc6 bxc6 21. Qa4 c5 22. Nxc5 Rxb2 23. Nd7 Re8 24. Rb1 Rxb1 25. Rxb1 Qa8 26. Nb6 Qb8 27. Qxa6 Bd8 28. a4 Qd6 
29. Qb5 Re6 30. a5 g5 31. Nc4 Qc7 32. Ra1 Rc6 33. Nb2 Rc1+ 34. Rxc1 Qxc1+ 35. Kg2 Bxa5 36. Qxa5 Qxb2 37. Qd8+ Kg7 
38. d5 Qe5 39. h3 Qe4+ 40. Kh2 Qf3 41. Kg1 h5 42. Qd7 Qd1+ 43. Kg2 Qd3 44. d6 Qe4+ 45. Kg1 g4 46. Qe7 Qf3 47. Qd7 f5 
48. hxg4 fxg4 49. Qe7 Qd1+ 50. Kh2 Qf3 51. Qg5+ Kf8 52. Qf4 Qd5 53. e4 Qe6 54. e5 Ke8 55. Qg5 Kd7 56. Qxh5 Qc4 
57. Qf5+ Kd8 58. Qf4 Qe6 59. Kg2 Qd5+ 60. Kh2 Qe6 61. Qe3 Qa2 62. Qb6+ Kd7 63. Qc7+ Ke6 64. Qe7+ Kf5 
65. Qf6+ Ke4 66. Qf4+ Kd3 67. d7 Qa5 68. Qxf7 Qb6 69. e6 Qd4 70. e7 Qh8+ 71. Kg2 Qa8+ 72. f3 Qc6 
73. d8=Q+ 1-0

[Event "XXXI Campeonato Regional Absoluto Individual"]
[Site "Museo del Vino - Jumilla 2016"]
[Date "2016-05-14"]
[Round "6.15"]
[White "Carlos Javier Molina Molina"]
[Black "Sergio Sánchez Gómez"]
[WhiteElo "1643"]
[BlackElo "1235"]
[Result "0-1"]

1. e4 e6 2. d4 d5 3. Nc3 Nf6 4. Bg5 Be7 5. e5 Nfd7 6. h4 a6 7. Qg4 Bxg5 8. hxg5 Nf8 9. Bd3 g6 10. Nce2 Nc6 11. c3 Bd7 
12. f4 Qe7 13. Nf3 O-O-O 14. Nd2 Na7 15. a4 c5 16. dxc5 Qxc5 17. Nd4 Nc6 18. N2b3 Qb6 19. a5 Qc7 20. Qe2 Nxd4 
21. Nxd4 Bc6 22. g4 Nd7 23. Kf2 Nc5 24. Rhc1 h6 25. gxh6 Rxh6 26. Rh1 Rdh8 27. Rxh6 Rxh6 28. Kg3 Nxd3 29. Qxd3 Qd8 
30. g5 Rh7 31. Kg2 Qh8 32. Qg3 Kd7 33. b4 Rh4 34. b5 Bxb5 35. Nxb5 Qh5 36. Nd4 Rg4 37. Qxg4 Qxg4+ 0-1

[Event "XXXI Campeonato Regional Absoluto Individual"]
[Site "Museo del Vino - Jumilla 2016"]
[Date "2016-05-14"]
[Round "6.16"]
[White "Diego Mauricio Santos Quesada"]
[Black "Fidel Torres Gómez"]
[WhiteElo "1520"]
[BlackElo "1268"]
[Result "0-1"]

1. d4 e6 2. Nf3 Nf6 3. Bf4 Nc6 4. e3 h6 5. Be2 d5 6. Nbd2 g5 7. Bg3 a6 8. h3 Bd6 9. Bxd6 Qxd6 10. a3 e5 11. dxe5 Nxe5 
12. c3 Bf5 13. Qb3 b5 14. a4 O-O 15. axb5 axb5 16. Rxa8 Rxa8 0-1

[Event "XXXI Campeonato Regional Absoluto Individual"]
[Site "Museo del Vino - Jumilla 2016"]
[Date "2016-05-14"]
[Round "6.17"]
[White "José Miguel Abad González"]
[Black "Javier Valera Aznar"]
[WhiteElo "1848"]
[BlackElo "1190"]
[Result "1-0"]

1. c4 Nf6 2. d4 c5 3. d5 b5 4. cxb5 a6 5. bxa6 g6 6. g3 Bxa6 7. Bg2 d6 8. Nc3 Bg7 9. Nf3 O-O 10. O-O Nbd7 11. Re1 Nb6 
12. Nd2 Nc4 13. Nxc4 Bxc4 14. e4 Nd7 15. Qc2 Qa5 16. Bd2 Qa6 17. Bf1 Bxf1 18. Rxf1 Rfb8 19. a4 Ne5 20. Nb5 Nf3+ 
21. Kg2 Nxd2 22. Qxd2 Qb6 23. Ra2 Rc8 24. Rc1 Ra5 25. b4 Raa8 26. bxc5 Rxc5 27. Rxc5 Qxc5 28. Rc2 Qb6 29. Rc6 Qa5 
30. Rc8+ Bf8 31. Qxa5 Rxa5 32. Rc4 Kg7 33. Nd4 Rc5 34. Rxc5 dxc5 35. a5 cxd4 36. a6 d3 37. Kf1 e6 38. a7 Ba3 
39. a8=Q Bc1 40. Qa1+ 1-0

[Event "XXXI Campeonato Regional Absoluto Individual"]
[Site "Museo del Vino - Jumilla 2016"]
[Date "2016-05-14"]
[Round "6.18"]
[White "Pedro Salmerón Castro"]
[Black "Roberto Patricio López Arroniz"]
[WhiteElo "1360"]
[BlackElo "1422"]
[Result "1-0"]

1. e4 e5 2. Nf3 Nc6 3. Bb5 a6 4. Ba4 Nf6 5. Nc3 b5 6. Bb3 Bc5 7. d3 h6 8. Be3 Qe7 9. O-O O-O 10. Nd5 Nxd5 
11. Bxd5 Bb7 12. d4 exd4 13. Nxd4 Bxd4 14. Bxd4 Qg5 15. Be3 Qg6 16. f4 Na5 17. f5 Qf6 18. Bd4 Qg5 19. Rf3 Qh5 
20. Bxg7 Rfe8 21. Qd4 Kh7 22. Rh3 Qg5 23. Bxh6 Qxh6 24. Rxh6+ Kxh6 25. Qf6+ 1-0

[Event "XXXI Campeonato Regional Absoluto Individual"]
[Site "Museo del Vino - Jumilla 2016"]
[Date "2016-05-14"]
[Round "6.20"]
[White "Ana Isabel Duran Cerezo"]
[Black "Antonio Ruiz Sánchez"]
[WhiteElo "1258"]
[BlackElo "1552"]
[Result "1/2-1/2"]

1. e4 e5 2. Nf3 Nc6 3. d3 Nf6 4. Bg5 Be7 5. a3 h6 6. Bh4 O-O 7. Nc3 d6 8. Nd5 Nxd5 9. exd5 Bxh4 10. dxc6 Bf6 11. cxb7 Bxb7 
12. Be2 d5 13. d4 exd4 14. Nxd4 a6 15. O-O c5 16. Nb3 Qc7 17. c3 Rad8 18. Qc2 Rfe8 19. Bf3 a5 20. a4 Be5 21. g3 Bc8 22. Rad1 Be6 
23. c4 dxc4 24. Rxd8 Rxd8 25. Nd2 Rb8 1/2-1/2

[Event "XXXI Campeonato Regional Absoluto Individual"]
[Site "Museo del Vino - Jumilla 2016"]
[Date "2016-05-21"]
[Round "7.1"]
[White "Antonio Galiano Martínez"]
[Black "Emilio Miguel Sánchez Jerez"]
[WhiteElo "1946"]
[BlackElo "2272"]
[BlackTitle "FM"]
[Result "1-0"]

1. d4 d6 2. c4 e5 3. Nf3 e4 4. Nfd2 f5 5. e3 Nf6 6. Nc3 g6 7. Be2 Bg7 8. O-O O-O 9. Qb3 c6 10. c5+ d5 11. f3 exf3 
12. Bxf3 Qe7 13. e4 fxe4 14. Ndxe4 Nxe4 15. Nxe4 Bxd4+ 16. Kh1 Qxe4 17. Bh6 Rxf3 18. Rxf3 Nd7 19. Rf4 Qe5 20. Raf1 Nf6 
21. Rxf6 Qxf6 22. Rxf6 Bxf6 23. h4 Kf7 24. Qg3 d4 25. Qc7+ Kg8 26. Qd6 Kf7 27. Bg5 Bxg5 28. hxg5 Be6 29. a4 Re8 
30. Qxd4 Bd5 31. Qf4+ Ke7 32. Qc7+ Ke6 33. Kh2 Re7 34. Qd6+ Kf7 35. b4 a6 36. b5 axb5 37. axb5 Ke8 38. b6 Rd7 
39. Qb8+ Ke7 40. Qe5+ Kf8 41. Qh8+ Bg8 42. Qf6+ Bf7 43. Qe5 Kg8 44. Kg3 Kf8 45. Qb8+ Kg7 46. Qc8 Be6 47. Qe8 Bf5 
48. Kf3 Rd3+ 49. Ke2 Rd7 50. Ke1 h5 51. gxh6+ Kxh6 52. Kf2 Kg5 53. Qe5 Rd2+ 54. Kg1 Rd1+ 55. Kh2 Rd7 56. Qg3+ Kf6 
57. Qf4 g5 58. Qb8 g4 59. Kg3 Rd3+ 60. Kh4 Rd7 61. Qf8+ Kg6 62. Qg8+ Rg7 63. Qd8 Rh7+ 64. Kg3 Rf7 65. Qd6+ Kg5 
66. Qe5 Rd7 67. Qf4+ Kg6 68. Kf2 Rf7 69. Kg3 Rd7 70. Qe5 Kg5 71. Qe3+ Kg6 72. Kf4 Rf7 73. Qe5 Be6+ 74. Kg3 Bf5 
75. Qd6+ Kg5 76. Qd8+ Kg6 77. Qg8+ Rg7 78. Qe8+ Rf7 79. Kh4 Bd7 80. Qd8 Rh7+ 81. Kg3 Bf5 82. Kf4 Rf7 83. Qg5+ Kh7 
84. Qxf5+ Rxf5+ 85. Kxf5 g3 86. Kf4 Kg6 87. Kxg3 Kg5 88. Kf3 Kf5 89. Ke3 Ke5 90. g4 Kd5 91. Kf4 Kxc5 92. Ke5 Kxb6 
93. g5 Kc5 94. g6 Kb5 95. g7 Kb4 96. g8=Q b5 97. Qa2 Kc3 98. Ke4 c5 99. Kd5 c4 100. Qa3+ Kd2 101. Kd4 1-0

[Event "XXXI Campeonato Regional Absoluto Individual"]
[Site "Museo del Vino - Jumilla 2016"]
[Date "2016-05-21"]
[Round "7.2"]
[White "Luis Fernández Alvarez"]
[Black "Sonia Gil Quilez"]
[WhiteElo "2085"]
[BlackElo "2060"]
[BlackTitle "WFM"]
[Result "0-1"]

1. e4 c6 2. d4 g6 3. Nc3 d5 4. Nf3 Bg7 5. h3 Nf6 6. e5 Ne4 7. Nxe4 dxe4 8. Ng5 c5 9. Bc4 O-O 10. c3 Nc6 11. Be3 cxd4 
12. cxd4 Qa5+ 13. Kf1 h6 14. Nxe4 Rd8 15. Rc1 Nxd4 16. Bxd4 Bxe5 17. Qf3 Bxd4 18. Qxf7+ Kh8 19. Qxg6 Bg7 20. h4 Qf5 
21. Qxf5 Bxf5 22. Ng5 Rdc8 23. Nf7+ Kh7 24. Ke2 Bxb2 25. Kd2 Kg7 26. g4 Bg6 0-1